Happy Days Are Here Again Lyrics - Statistics

General Stats
  • This quiz has been taken 20 times
  • The average score is 46 of 87
Answer Stats
🎩 % Correct
a
100%
a
100%
are
100%
are
100%
are
100%
are
100%
are
100%
are
100%
are
100%
are
100%
days
100%
days
100%
days
100%
days
100%
days
100%
Happy
100%
Happy
100%
Happy
100%
Happy
100%
Happy
100%
again
95%
again
95%
again
95%
again
95%
again
95%
again
95%
again
95%
again
95%
again
95%
here
95%
here
95%
here
95%
here
95%
here
95%
The
80%
the
80%
The
80%
and
45%
So
45%
cheer
35%
cheer
35%
sing
35%
sing
35%
skies
35%
skies
35%
be
30%
clear
30%
clear
30%
song
30%
song
30%
who
30%
above
25%
above
25%
it
25%
it
25%
it
25%
no
25%
no
25%
of
25%
of
25%
on
25%
All
20%
Let
20%
Let
20%
can
15%
gone
15%
more
15%
now
15%
now
15%
now
15%
now
15%
shout
15%
us
15%
us
15%
from
10%
let's
10%
one
10%
Your
10%
tell
5%
There'll
5%
There's
5%
world
5%
about
0%
cares
0%
doubt
0%
together
0%
troubles
0%
No matching quizzes found
Score Distribution
Percent of People with Each Score
Percentile by Number Answered
Your Score History
You have not taken this quiz